| 000 | 00707nam a22002057a 4500 | ||
|---|---|---|---|
| 999 |
_c12551 _d12551 |
||
| 003 | AR-CdUCM | ||
| 008 | 190409b ||||| |||| 00| 0 spa d | ||
| 020 | _a978-970-718-698-9 | ||
| 040 |
_aMUNICIPALIDAD PROVINCIAL DEL CUSCO _cBIBLIOTECA MUNICIPAL DEL CUSCO |
||
| 082 |
_aES / 621 / _bD99 |
||
| 100 |
_aDyer, Alan _930430 |
||
| 245 | _aEl espacio / | ||
| 260 |
_aMéxico : _bSilver Dolphin, _c2015. |
||
| 300 |
_a61 páginas _c27 cm. |
||
| 505 | _aContenido :Objetos en el espacio -- Hacia lo desconocido -- El sistema solar -- Estrellas y galaxias -- Nuestro lugar en el espacio ... | ||
| 650 |
_aSistema planetario solar _926597 |
||
| 650 |
_aGalaxias _918635 |
||
| 942 |
_2ddc _cLIBROS |
||
| 945 | _arum | ||